Typologies and taxonomies: an introduction to classification techniques
| Main Author: | |
|---|---|
| Format: | Print Book |
| Language: | English |
| Published: |
Thousand Oaks, Calif. [u.a.]
Sage
1994
|
| In: |
Sage University papers / Quantitative applications in the social sciences (102)
Year: 1994 |
| Online Access: |
Table of Contents Table of Contents Table of contents |
| Availability in Tübingen: | Present in Tübingen. UB: KB 8 E 5142 |
| Check availability: | HBZ Gateway |
| Subito Delivery Service: | Order now. |
| Keywords: |
MARC
| LEADER | 00000cam a2200000 c 4500 | ||
|---|---|---|---|
| 001 | 163977305 | ||
| 003 | DE-627 | ||
| 005 | 20260206193355.0 | ||
| 007 | tu | ||
| 008 | 940914s1994 xxu||||| 00| ||eng c | ||
| 016 | 7 | |a 0803952597 |2 UK | |
| 020 | |a 0803952597 |9 0-8039-5259-7 | ||
| 035 | |a (DE-627)163977305 | ||
| 035 | |a (DE-603)045660778 | ||
| 035 | |a (DE-576)040553973 | ||
| 035 | |a (DE-599)GBV163977305 | ||
| 035 | |a (OCoLC)832171073 | ||
| 035 | |a (OCoLC)30078966 | ||
| 035 | |a (DE-604)8097612936 | ||
| 035 | |a (JUB)b10304939 | ||
| 040 | |a DE-627 |b ger |c DE-627 |e rakwb | ||
| 041 | |a eng | ||
| 044 | |c XD-US |c XA-GB |c XB-IN | ||
| 050 | 0 | |a H61.2 | |
| 082 | 0 | |a 300.12 | |
| 084 | |a CV 2000 |2 rvk |0 (DE-625)rvk/19152: | ||
| 084 | |a MR 2100 |2 rvk |0 (DE-625)rvk/123488: | ||
| 084 | |a CM 2200 |2 rvk |0 (DE-625)rvk/18943: | ||
| 084 | |a QH 200 |2 rvk |0 (DE-625)rvk/141539: | ||
| 084 | |a 70.03 |2 bkl | ||
| 100 | 1 | |8 1\p |a Bailey, Kenneth D. |0 (DE-588)170819159 |0 (DE-627)060956828 |0 (DE-576)131668811 |4 aut | |
| 109 | |a Bailey, Kenneth D. | ||
| 245 | 1 | 0 | |a Typologies and taxonomies |b an introduction to classification techniques |c Kenneth D. Bailey |
| 264 | 1 | |a Thousand Oaks, Calif. [u.a.] |b Sage |c 1994 | |
| 300 | |a VI, 90 S. |b graph. Darst. |c 22 cm | ||
| 336 | |a Text |b txt |2 rdacontent | ||
| 337 | |a ohne Hilfsmittel zu benutzen |b n |2 rdamedia | ||
| 338 | |a Band |b nc |2 rdacarrier | ||
| 490 | 1 | |a Sage university papers |a Quantitative applicatons in the social sciences |v 102 | |
| 490 | 0 | |a Sage university papers | |
| 500 | |a Literaturverz. S. 84 - 89 | ||
| 505 | 8 | |a Literaturverz. S. 84 - 89 | |
| 505 | 8 | |a Literaturverz. S. 84 - 89 | |
| 583 | 1 | |a Archivierung prüfen |c 20240324 |f DE-4165 |z 1 |2 pdager | |
| 650 | 0 | |a Social Sciences |x Classification | |
| 650 | 0 | |a Social Sciences |x Methodology | |
| 650 | 0 | 7 | |0 (DE-588)4184546-8 |0 (DE-627)104499613 |0 (DE-576)210026480 |a Taxonomie |2 gnd |
| 650 | 0 | 7 | |0 (DE-588)4061321-5 |0 (DE-627)104571705 |0 (DE-576)209139315 |a Typologie |2 gnd |
| 650 | 0 | 7 | |0 (DE-588)4030958-7 |0 (DE-627)104745363 |0 (DE-576)208989889 |a Klassifikation |2 gnd |
| 650 | 0 | 7 | |0 (DE-588)4055916-6 |0 (DE-627)106156411 |0 (DE-576)209115904 |a Sozialwissenschaften |2 gnd |
| 689 | 0 | 0 | |d s |0 (DE-588)4055916-6 |0 (DE-627)106156411 |0 (DE-576)209115904 |a Sozialwissenschaften |2 gnd |
| 689 | 0 | 1 | |d s |0 (DE-588)4030958-7 |0 (DE-627)104745363 |0 (DE-576)208989889 |a Klassifikation |2 gnd |
| 689 | 0 | |5 (DE-627) | |
| 830 | 0 | |a Sage University papers / Quantitative applications in the social sciences |v 102 |9 102 |w (DE-627)130502987 |w (DE-576)006613276 |w (DE-600)761415-9 |x 0149-192X |7 am | |
| 856 | 4 | 2 | |u http://www.gbv.de/dms/hbz/toc/ht006371515.PDF |m V:DE-605 |v 2008-11-15 |x Verlag |y Inhaltsverzeichnis |3 Inhaltsverzeichnis |7 1 |
| 856 | 4 | 2 | |u http://scans.hebis.de/HEBCGI/show.pl?04566077_toc.pdf |m V:DE-605 |q application/pdf |3 Inhaltsverzeichnis |7 1 |
| 856 | 4 | 2 | |u http://www.loc.gov/catdir/enhancements/fy0655/94007960-t.html |x Verlag |y Table of contents |7 1 |
| 883 | |8 1\p |a cgwrk |d 20241001 |q DE-101 |u https://d-nb.info/provenance/plan#cgwrk | ||
| 935 | |i Blocktest | ||
| 935 | |h HEB |i 0501 | ||
| 935 | |h HEB |i 0503 | ||
| 936 | r | v | |a CV 2000 |b Methoden der Sozialpsychologie |k Psychologie |k Sozialpsychologie |k Methoden der Sozialpsychologie |0 (DE-627)1271481650 |0 (DE-625)rvk/19152: |0 (DE-576)201481650 |
| 936 | r | v | |a MR 2100 |b Statistik für Soziologen |k Soziologie |k Sozialwissenschaftliche Theorien und Methoden |k Methoden der Sozialforschung |k Statistik für Soziologen |0 (DE-627)1271427486 |0 (DE-625)rvk/123488: |0 (DE-576)201427486 |
| 936 | r | v | |a CM 2200 |b Methodik und Wissenschaftstheorie der Psychologie |k Psychologie |k Allgemeines. Geschichte und Methodik |k Methodik und Wissenschaftstheorie der Psychologie |0 (DE-627)1271484781 |0 (DE-625)rvk/18943: |0 (DE-576)201484781 |
| 936 | r | v | |a QH 200 |b Allgemeines |k Wirtschaftswissenschaften |k Mathematik. Statistik. Ökonometrie. Unternehmensforschung |k Statistik |k Allgemeines. Nachschlagewerke |k Allgemeines |0 (DE-627)1271502097 |0 (DE-625)rvk/141539: |0 (DE-576)201502097 |
| 936 | b | k | |a 70.03 |j Methoden, Techniken und Organisation der sozialwissenschaftlichen Forschung |0 (DE-627)106414097 |
| 936 | s | n | |a c200 |2 mzub |
| 936 | s | n | |a m200 |2 mzub |
| 936 | s | n | |a q100 |2 mzub |
| 951 | |a BO | ||
| ELC | |b 1 | ||
| LOK | |0 000 xxxxxcx a22 zn 4500 | ||
| LOK | |0 001 3257631715 | ||
| LOK | |0 003 DE-627 | ||
| LOK | |0 004 163977305 | ||
| LOK | |0 005 19960507000000 | ||
| LOK | |0 008 940815||||||||||||||||ger||||||| | ||
| LOK | |0 040 |a DE-21 |c DE-627 |d DE-21 | ||
| LOK | |0 852 |a DE-21 | ||
| LOK | |0 852 1 |c KB 8 E 5142 |9 00 | ||
| LOK | |0 935 |a krim | ||
| LOK | |0 936ln |a k1.6 | ||
| LOK | |0 939 |a 15-08-94 |b l01 | ||
| ORI | |a SA-MARC-krimdoka001.raw | ||
| SIG | |a UB: KB 8 E 5142 | ||
